|
|
|
|
| LEADER |
00000nam0a2200000 4500 |
| 001 |
313509 |
| 005 |
20231102002604.0 |
| 010 |
|
|
|a 5883731848
|
| 035 |
|
|
|a (RuTPU)RU\TPU\book\338893
|
| 090 |
|
|
|a 313509
|
| 100 |
|
|
|a 20160127d2005 k y0rusy50 ca
|
| 101 |
0 |
|
|a rus
|
| 102 |
|
|
|a RU
|
| 105 |
|
|
|a y z 001zy
|
| 200 |
1 |
|
|a Миф на гранях культуры: системный и междисциплинарный анализ мифа в его различных аспектах: естественно-научная, психологическая, культурно-поэтическая, философская и социальная грани мифа как комплексного явления культуры
|e монография
|f Д. П. Козолупенко
|g Российская академия наук (РАН), Институт философии (ИФ)
|
| 210 |
|
|
|a Москва
|c Канон+
|d 2005
|
| 215 |
|
|
|a 211 с.
|
| 320 |
|
|
|a Библиогр. в тексте.
|
| 330 |
|
|
|a На гранях культуры - таково существование мифа и наших представлений о нем. Миф - странное явление. Сама очевидность - и сама неопределённость. То, что лежит в основании нашего мировосприятия - и то, что воспринимается нами как «не совсем правда». То, что вроде бы не нуждается в объяснении - и то, что является камнем преткновения множества научных теорий в различных областях исследования: от этнографии и фольклористики до философии и психологии. Что же представляет из себя это загадочное явление? Попыткой ответа на этот вопрос и является данная монография, которая построена таким образом, что позволяет взглянуть на миф с различных точек зрения, начиная с собственно культурологической и кончая социологией мифа.В монографии проведен оригинальный анализ русской мифогюэтиче-ской картины мира. Изложение авторской теории мифопоэтического мировосприятия строится на основе проведённого анализа специфики организации мифопоэтического мировосприятия в его отношении к принципам причинности, пространственно-временной организации, его связи с различными формами социальности, его психологическими основаниями и его проявлениями в различных областях и сферах культуры.Книга обращена к философам, психологам, культурологам, студентам и преподавателям соответствующих специальностей и ко всем интересующимся вопросами мифопоэтического мировосприятия.
|
| 606 |
1 |
|
|a Мифы
|x Философия
|2 stltpush
|3 (RuTPU)RU\TPU\subj\44120
|9 63493
|
| 610 |
1 |
|
|a мифология
|
| 610 |
1 |
|
|a культура
|
| 610 |
1 |
|
|a мифотворчество
|
| 610 |
1 |
|
|a мифопоэтическое мировосприятие
|
| 610 |
1 |
|
|a бытие
|
| 610 |
1 |
|
|a антропологические исследования
|
| 610 |
1 |
|
|a русская философия
|
| 610 |
1 |
|
|a психология
|
| 610 |
1 |
|
|a мифические верования
|
| 610 |
1 |
|
|a мифологическая культура
|
| 610 |
1 |
|
|a мифологические символы
|
| 610 |
1 |
|
|a монографии
|
| 686 |
|
|
|a Э31
|v LBC/SL-A
|2 rubbk
|
| 700 |
|
1 |
|a Козолупенко
|b Д. П.
|g Дарья Павловна
|
| 712 |
0 |
2 |
|a Российская академия наук (РАН)
|b Институт философии (ИФ)
|2 stltpush
|3 (RuTPU)RU\TPU\col\147
|
| 801 |
|
1 |
|a RU
|b 63413507
|c 20160127
|
| 801 |
|
2 |
|a RU
|b 63413507
|c 20160218
|g RCR
|
| 900 |
|
|
|a Философия
|
| 900 |
|
|
|a Культурология
|
| 942 |
|
|
|c BK
|